00712cam a2200229 i 4500003000400000020001900004082001600023100002100039245009600060250000600156260003800162300001700200546001200217650002600229650001600255650002100271650001800292700002000310942001300330999001900343952012000362OSt a9781118647202 00a630bDON/AG1 aDonham, Kelley J10aAgricultural medicine:brural occupational and environmental health, safety, and prevention a2 aCanadabJhon Wiley and Sonsc2016 axxvii, 566p. aEnglish 0aAgricultural laborers 0aAgriculture 0aMedicine, Rural. 0aRural health.1 aThelin, Anders, 2ddccREF c156465d156465 00102ddc40718REFaKAUCLVbKAUCLVcGENERALd2017-07-15g6474.00l0o630 DON/AGp226636r2017-07-15 00:00:00yREF